ISRO History and Achievements/ (Record no. 173072)

MARC details
000 -LEADER
fixed length control field 00567nam a22001937a 4500
005 - DATE AND TIME OF LATEST TRANSACTION
control field 20200218122555.0
010 ## - LCCN (DPL NO)
LC control number ENG-127862
020 ## - INTERNATIONAL STANDARD BOOK NUMBER
International Standard Book Number 9788192301778
Terms of availability 595.00
035 ## - SYSTEM CONTROL NUMBER
System control number EN-111394
037 ## - SOURCE OF ACQUISITION
Source of stock number/acquisition DBAD/PUB
082 ## - DEWEY DECIMAL CLASSIFICATION NUMBER
Classification number 509.2
100 ## - MAIN ENTRY--PERSONAL NAME
Personal name Thakur,S.K
245 ## - TITLE STATEMENT
Title ISRO History and Achievements/
Statement of responsibility, etc by S.K. Thakur
260 ## - PUBLICATION, DISTRIBUTION, ETC. (IMPRINT)
Place of publication, distribution, etc New Delhi
Name of publisher, distributor, etc Kopal books
Date of publication, distribution, etc 2016
270 ## - ADDRESS
Address 315,Hari Nagar Ashram,Mathura Road
City New Delhi
Postal code 110014
300 ## - PHYSICAL DESCRIPTION
Extent 193p.
Dimensions 23cm (hb)
500 ## - GENERAL NOTE
General note Includes Bibliography and Index
942 ## - ADDED ENTRY ELEMENTS (KOHA)
Source of classification or shelving scheme Dewey Decimal Classification
Item type English Books
Classification part 509.2
Call number suffix THA
Holdings
Withdrawn status Lost status Not for loan Collection code Home library Current library Date acquired Source of acquisition Cost, normal purchase price Full call number Barcode Copy number Cost, replacement price Koha item type
      Non-fiction Central Library Central Library 18/02/2020 DBAD/PUB 595.00 509.2 THA EN-111394 1 595.00 English Books

© Delhi Public Library
Hit Counter
free hit counter